000 00340nam a2200133Ia 4500
008 240624s9999 xx 000 0 und d
041 _aeng
082 _a658.8 FRA
100 _aFRANZEN GIEP
245 _aSCIENCE AND ART OF BRANDING
260 _c2009
_aNew Delhi
_bSegment Books
300 _axii, : 575 : p. : cm. ; 24
365 _cRS
_b30
999 _c16484
_d16484